Presidentes argentinos - muerte súbita - Estadísticas

Estadísticas generales
  • Esta prueba ha sido intentada 129 veces
    10 desde el último reinicio
  • La puntuación promedio es 10 de 18
Answers on the Grid
Answers color-coded by a green-red scale on the quiz's grid according to % correct below.
Javier Milei
Cristina Fernández de Kirchner
Cornelio Saavedra
Arturo Frondizi
José de San Martín
Ricardo Balbín
Arturo Illia
Néstor Kichner
Patricia Bullrich
Raúl Alfonsín
Oscar Alende
Daniel Scioli
Domingo Faustino Sarmiento
Juan Manuel de Rosas
Hipólito Yrigoyen
Julio Argentino P. Roca
Francisco Madero
Leandro N. Alem
José Figueroa Alcorta
Bartolomé Mitre
Roberto M. Ortiz
María Eva Duarte de Perón
Elisa "Lilita" Carrió
Sergio Massa
Marcelo T. de Alvear
Julio Argentino Roca
Bernardo de Irigoyen
Spruille Braden
Juan Manuel Casella
Victorino de la Plaza
Héctor J. Cámpora
Eduardo Duhalde
Fernando de la Rúa
Eduardo Menem
Juan Domingo Perón
Franco Macri
 
Estadísticas de respuestas
Respuesta % Correcto
Arturo Frondizi
100%
Cristina Fernández de Kirchner
100%
Javier Milei
100%
Raúl Alfonsín
100%
Arturo Illia
83%
Néstor Kichner
83%
Eduardo Duhalde
50%
Juan Domingo Perón
50%
Domingo Faustino Sarmiento
33%
Fernando de la Rúa
33%
Héctor J. Cámpora
33%
Hipólito Yrigoyen
33%
José Figueroa Alcorta
33%
Julio Argentino Roca
33%
Roberto M. Ortiz
33%
Victorino de la Plaza
33%
Bartolomé Mitre
17%
Marcelo T. de Alvear
17%
No se encontraron pruebas coincidentes
Distribución de puntuación
Porcentaje de gente con cada puntuación
Porcentaje por número respondido
Historial de tus puntuaciones
No has intentado esta prueba desde el último reinicio